[Event "1st Spring Festival Weekend 2021"]
[Site "Bassano del Grappa"]
[Date "2021.03.14"]
[Round "4.7"]
[White "Yu, Jennifer"]
[Black "Frick, Christoph"]
[Result "1-0"]
[WhiteElo "2275"]
[BlackElo "2051"]
[Annotator "TA"]
[PlyCount "83"]
[EventDate "2021.03.12"]
[EventType "swiss"]
[EventCountry "ITA"]
[SourceTitle "playchess.com"]
[Source "ChessBase"]
[SourceQuality "1"]

{[%evp 13,83,17,31,9,15,12,20,5,10,8,4,0,11,0,27,33,35,24,37,15,20,31,18,0,28,-20,-5,-27,12,0,12,0,11,19,7,0,0,0,0,0,0,0,30,0,2,0,0,0,0,0,12,0,37,-39,-38,-114,-109,-120,-112,-109,-8,-260,0,0,25,21,741,748,29986,29987,29997,1516]} 1. d4 d5 2. c4 c6 3. Nf3 Nf6 4. e3 Bg4 5. h3 Bxf3 6. Qxf3 e6 7. Nc3 Nbd7 {[%cal Bb8d7,Bd7f8,Bf8e6,Be6g5][%mdl 32]} 8. Bd2 $1 {[%mdl 4] is now more promising than 8.Bd3. D11: Slav Defence: 3 Nf3 sidelines and 3...Nf6 4 e3 Bg4.} Bb4 9. Bd3 O-O 10. cxd5 {The position is equal.} exd5 11. O-O Re8 12. Rfc1 Nf8 13. a3 Ba5 14. b4 Bc7 15. b5 Ne6 16. bxc6 bxc6 {[#]} 17. Na4 $146 ({Predecessor:} 17. Bf1 Ng5 18. Qd1 Qd6 19. f4 Nge4 20. Nxe4 Nxe4 21. Bb4 Qf6 22. Bd3 g5 23. Qc2 gxf4 24. Qxc6 {½-½ (31) Korobov,A (2687)-Andriasian,Z (2622) Bastia 2016}) 17... Ng5 18. Qf5 Nfe4 (18... Nge4 $5 {[%cal Rg7g6]} 19. Ra2 g6 $11) 19. Bxe4 Nxe4 20. Be1 Re6 (20... g6 {is interesting.} 21. Qf3 Ng5 22. Qe2 Qd6 23. f4 Ne4) 21. Nc5 Nxc5 22. Rxc5 Qd6 {aiming for ...Qh2+.} 23. g3 Rf6 24. Qg4 Rg6 25. Qf3 Qd7 26. Rac1 Re8 27. a4 {[%cal Ba3a4,Ba4a5][%mdl 32]} Ree6 28. a5 Rh6 29. Qf5 {Strongly threatening Rxc6!} Rhf6 30. Qg4 Rg6 31. Qf3 Rh6 32. Qg2 f5 33. Qf1 (33. Bd2 $14) 33... g5 $15 {White must now prevent ...f4.} 34. Rb1 (34. Qg2 $15) 34... f4 $1 $17 {[%cal Rf4g3] ...fxg3 is the strong threat.} 35. Rb7 fxg3 36. fxg3 {[#]} (36. Rxa7 $2 gxf2+ 37. Qxf2 Re8 $19) 36... Rxe3 ({Black should play} 36... Rhf6 $1 $17 {[%cal Rf6f1]} 37. Qe2 {[#]} Qe8 $1) 37. Rxa7 $2 {[%mdl 8192]} (37. Rc3 $1 $11 {and White has nothing to worry.} Rxc3 38. Bxc3 Qxh3 39. Qxh3 Rxh3 40. Be1 Bxg3 41. Kg2 {[%mdl 64] Double Attack} Bxe1 42. Kxh3 Bxa5 43. Rxa7) 37... Qe8 $2 38. Bf2 $11 ({Don't blunder} 38. Rxc7 $2 Rxe1 39. Rf7 Rxf1+ $19) 38... Bb8 39. Ra8 Re7 $2 {[%mdl 8192]} (39... Rf6 $11 40. Qc1 Ree6) 40. Qb1 $18 Qh5 41. Qxb8+ Kf7 42. Qg8+ {Weighted Error Value: White=0.22/Black=0.44} (42. Qf8+ $142 Kg6 43. Rxc6+ Re6 44. Rxe6#) 1-0

[Event "1st Spring Festival Weekend 2021"]
[Site "Bassano del Grappa"]
[Date "2021.03.14"]
[Round "4.8"]
[White "Gallana, Marco"]
[Black "Nareks, Matic"]
[Result "1-0"]
[WhiteElo "2232"]
[BlackElo "2046"]
[Annotator "TA"]
[PlyCount "145"]
[EventDate "2021.03.12"]
[EventType "swiss"]
[EventCountry "ITA"]
[SourceTitle "playchess.com"]
[Source "ChessBase"]
[SourceQuality "1"]

{[%evp 9,145,14,34,34,33,20,31,0,-11,-12,9,-6,13,3,16,-13,-2,-4,10,0,12,0,0,0,1,0,0,0,12,0,22,12,59,37,33,46,37,0,136,133,137,138,242,163,196,184,212,199,206,201,226,205,255,267,477,334,364,241,267,214,396,214,324,287,388,375,360,339,333,138,126,114,99,0,0,0,0,0,0,0,0,0,0,0,0,0,0,0,0,-7,35,32,50,0,0,0,68,0,8,8,44,56,183,181,144,112,316,314,280,236,535,501,622,599,581,577,522,494,480,485,481,443,1120,1054,725,710,29990,29991,29991,29992,29995,29996,29996,29997,29997,29998,29998,29999]} 1. Nf3 f5 2. d4 Nf6 3. c4 e6 4. Nc3 Be7 5. Bf4 d6 6. e3 {A85: Dutch Defence: 2 c4 Nf6 3 Nc3.} O-O 7. h3 Ne4 8. Qc2 {White is slightly better.} Nxc3 9. Qxc3 a5 {[#]} 10. O-O-O $146 ({Predecessor:} 10. a3 Nc6 11. d5 Bf6 12. Qc2 e5 13. Bh2 Ne7 14. Be2 Qe8 15. O-O-O a4 16. Rdg1 {0-1 (39) Hilton,S (1894)-Van Loy,R (1899) Warsaw 2016}) 10... Nd7 11. Bd3 b6 12. Bh2 Bb7 13. Qc2 g6 14. e4 Nf6 {[%cal Rf5e4]} 15. exf5 Bxf3 ({Much weaker is} 15... gxf5 $6 16. Ng5 $16) 16. gxf3 exf5 17. Bf4 Nh5 18. Be3 Qd7 19. Rdg1 Rf7 20. h4 Bf8 21. f4 Bh6 22. Be2 Rg7 23. Qd1 Nxf4 (23... Bxf4 $11 {remains equal.} 24. Bxh5 Bxe3+ 25. fxe3 gxh5) 24. Bf3 $16 Re8 25. Kb1 d5 (25... Ree7 $16 26. Qd2 Rxe3 27. fxe3 Ne6) 26. Bxd5+ Kh8 27. Bf3 Rge7 28. Qd2 Qd6 29. Rd1 a4 {[#]} 30. a3 $1 Kg7 31. Qc1 Kf7 $2 (31... Rxe3 32. fxe3 Ne6) 32. Rhe1 c6 33. Rh1 Qc7 34. Qc2 b5 $2 (34... Rxe3 {keeps fighting.} 35. fxe3 Rxe3) 35. Rc1 (35. h5 $142 g5 36. Qxf5+ {[%mdl 64] Double Attack} Kg7 37. Bxf4 Qxf4 38. Qxf4 gxf4 39. Bxc6) 35... Qd6 (35... b4 $142) 36. Qd2 Rb8 37. cxb5 Rxb5 38. Rxc6 ({Resist} 38. Bxc6 Rb8 $18) 38... Qxa3 {intending ...Reb7.} 39. Qc3 (39. h5 $18 {and the rest is easy.} g5 40. Qc2 (40. Rxh6 $2 Nd3 $19)) 39... Qxc3 40. Rxc3 Kg7 41. Ka2 (41. Rhc1 $16) 41... Nd5 $11 42. Bxh6+ Kxh6 43. Rc5 Nb4+ 44. Ka3 Rb6 45. Rd1 Na6 46. Rc3 Nc7 {[#] And now ...Nb5+ would win.} 47. Ka2 Nb5 48. Rc4 Nd6 49. Rxa4 Ne4 (49... Rc7 {keeps more tension.} 50. Rd2 g5 51. hxg5+ Kxg5 52. Bg2 h5) 50. Bxe4 Rxe4 $14 {[%mdl 4096] Endgame KRR-KRR} 51. Rd2 Rxh4 52. b3 {next d5 is good for White.} Rh3 (52... Re4 $11) 53. b4 (53. d5 $14) 53... Rh4 54. Kb3 Kg5 55. d5 {Hoping for d6.} Rd6 (55... Rb8 $14) 56. b5 $18 {[%cal Bb4b5,Bb5b6][%mdl 32]} Rh1 57. Kb4 h5 $2 (57... Rh4+ $16 {was worth a try.} 58. Kc5 Rxd5+ 59. Rxd5 Rxa4) 58. Kc5 Rd8 59. b6 h4 $2 (59... Rc1+ {was necessary.} 60. Kb5 h4) 60. b7 Rb1 61. Ra8 Rxd5+ 62. Kxd5 Rxb7 {White must now prevent ...Rd7+.} 63. Ke5 Re7+ 64. Kd6 Re1 65. Rd4 f4 (65... Rf1 $142 66. Rd2 Re1) 66. f3 h3 67. Rh8 Rh1 68. Ke6 {[%cal Rd4d5] White mates.} Re1+ 69. Kf7 Re5 70. Rd6 Rf5+ 71. Kg7 {[%csl Gg7][%cal Rd6g6]} Rf6 72. Rxf6 h2 73. Rxg6+ {Weighted Error Value: White=0.23/Black=0.43} 1-0

[Event "1st Spring Festival Weekend 2021"]
[Site "Bassano del Grappa"]
[Date "2021.03.14"]
[Round "4.9"]
[White "Hercegovac, Neven"]
[Black "Cappelletto, Joshuaede"]
[Result "0-1"]
[WhiteElo "1975"]
[BlackElo "2126"]
[Annotator "TA"]
[PlyCount "110"]
[EventDate "2021.03.12"]
[EventType "swiss"]
[EventCountry "ITA"]
[SourceTitle "playchess.com"]
[Source "ChessBase"]
[SourceQuality "1"]

{[%evp 25,109,29,26,16,30,18,21,-53,-53,-52,-53,-43,-43,-43,-54,-46,-45,-61,-52,-63,-63,-57,-51,-72,-75,-88,-79,-106,-104,-96,-82,-104,-117,-92,-72,-75,-80,-129,-129,-129,-129,-156,-130,-129,-114,-129,-129,-246,-131,-181,-134,-134,-95,-97,-93,-118,-116,-107,-96,-126,-120,-116,-114,-114,-106,-108,-109,-241,-156,-267,-156,-636,-619,-521,-475,-29980,-29981,-29977,-29978,-29978,-29979,-29997,-29998,-29998,-29999,-29999]} 1. e4 c5 2. Nf3 d6 3. d4 cxd4 4. Nxd4 Nf6 5. Nc3 a6 6. g3 Bd7 7. Bg2 Nc6 8. O-O e6 9. Be3 Be7 10. Nxc6 Bxc6 11. a4 O-O 12. a5 Rc8 13. Qd2 Qc7 14. Bb6 {B80: Sicilian Scheveningen: 6 g3 and 6 Be3, including English Attack.} Qb8 15. Rfe1 Nd7 {[#]} 16. Nd5 $146 ({Predecessor:} 16. Bd4 Rfd8 17. Na4 Bxa4 18. Rxa4 Qc7 19. Re2 Bf6 20. b3 Bxd4 21. Rxd4 Ne5 22. Ra4 h6 {0-1 (60) Ryan,J (2328)-Ziatdinov,R (2441) Cork 2005}) 16... Bxd5 $15 ({Reject} 16... exd5 $6 17. exd5 Bf6 18. dxc6 $16) 17. exd5 Nxb6 18. axb6 e5 19. Ra4 Bd8 20. Rb4 Rc5 21. c3 Qc8 22. Bf1 f5 23. f4 Bf6 24. Bh3 g6 25. fxe5 Bxe5 {[%cal Rc5c3]} 26. Qd3 Qd8 27. Rf1 Qe8 28. Bg2 a5 29. Rb3 a4 30. Ra3 Rb5 $36 {[%mdl 2048] Black is in control.} 31. Rxa4 Rxb2 {[%mdl 64] Discovered Attack} 32. Rb4 Ra2 33. Rf2 Rxf2 34. Kxf2 f4 35. Kg1 Qd8 36. Bh3 (36. gxf4 $17 Bxf4 37. Qh3) 36... Kh8 (36... fxg3 $19 {And now ...Qg5 would win.} 37. hxg3 Qa8) 37. Be6 Qf6 {aiming for ...fxg3.} 38. Qf3 Qg7 39. gxf4 Bxc3 40. Rc4 Bd4+ {[%mdl 64] Double Attack} 41. Kg2 Bxb6 42. Rc8 Rxc8 43. Bxc8 Qb2+ 44. Kh3 Bg1 45. Qg3 Bd4 46. Be6 (46. Bg4 $17) 46... b5 {Hoping for ...Qe2.} 47. Bd7 (47. Bg4 $17) 47... b4 (47... Qe2 $19 {White must now prevent ...b4.} 48. Bg4 Qf1+ 49. Qg2 Qxf4) 48. Ba4 $2 {Now White is beyond hope.} (48. Bb5 $17) 48... Qe2 $19 49. Qg4 Qf1+ 50. Kh4 (50. Qg2 $19 Qxf4 51. Qg4 Qf1+ 52. Qg2) 50... Bf6+ {Black mates.} 51. Kg3 {[#]} h5 $1 52. Qc8+ Kg7 53. Qc2 {[#]} Bh4+ $1 {[%mdl 576] Deflection, Decoy} 54. Kxh4 Qxf4+ 55. Kh3 Qg4# {Weighted Error Value: White=0.61/Black=0.13} 0-1

[Event "1st Spring Festival Weekend 2021"]
[Site "Bassano del Grappa"]
[Date "2021.03.14"]
[Round "4.10"]
[White "Bardone, Lorenzo"]
[Black "Pegno, Mattia"]
[Result "1-0"]
[WhiteElo "2174"]
[BlackElo "1930"]
[Annotator "TA"]
[PlyCount "153"]
[EventDate "2021.03.12"]
[EventType "swiss"]
[EventCountry "ITA"]
[SourceTitle "playchess.com"]
[Source "ChessBase"]
[SourceQuality "1"]

{[%evp 23,153,23,38,34,16,27,24,19,11,4,54,35,48,16,17,8,17,18,22,7,6,30,16,0,0,0,56,0,21,0,33,12,16,18,12,11,16,12,19,0,0,0,0,0,0,0,0,0,0,0,0,0,0,0,0,0,0,0,0,0,0,8,9,9,9,8,8,8,60,8,16,0,0,-106,101,95,89,88,97,134,119,110,657,650,558,522,591,599,1641,1225,1091,1424,1306,1099,29978,29979,29979,29980,29980,29981,29981,29982,29982,29983,29987,29979,29978,29980,29977,12793,5789,6195,12797,12793,12793,6418,29981,29982,29987,29988,29990,29987,29988,29989,29992,29993,29993,29994,29994,29995,29995,29995]} 1. Nf3 Nf6 2. c4 e6 3. g3 d5 4. Bg2 Be7 5. O-O O-O 6. d4 c6 7. Nbd2 Nbd7 8. Qc2 b6 9. e4 Bb7 10. e5 Ne8 11. cxd5 cxd5 12. Re1 Rc8 13. Qa4 {E09: Closed Catalan: Main Line: 7 Qc2 c6 8 Nbd2.} a5 14. Nf1 Ba6 15. Bd2 {White has an edge.} Nc7 16. h4 {[#]} Bd3 $146 ({Predecessor:} 16... h6 17. Ne3 Re8 18. Bf1 Nb8 19. Rac1 Bxf1 20. Rxf1 Qd7 21. Qxd7 Nxd7 {½-½ (32) Stocek,J (2450)-Vera Gonzalez Quevedo,R (2535) Ubeda 1998}) 17. Rac1 Ra8 18. N1h2 b5 19. Qd1 Bg6 20. Bg5 {[#] And now Bxe7 would win.} Nb6 21. Bf1 h6 22. Bxe7 Qxe7 23. Bd3 Bxd3 24. Qxd3 Rfc8 (24... Na6 $11) 25. Ng4 (25. g4 $14) 25... b4 26. Kg2 Ne8 (26... Nc4 {keeps more tension.} 27. Re2 a4 28. Ne3 Nxe3+ 29. Rxe3 Rcb8) 27. b3 (27. Rxc8 {is more complex.} Rxc8 28. Qa6 Rb8 29. b3 Qb7 30. Qxa5 Nd7 31. a3) 27... Qb7 28. Qd2 Nd7 29. h5 Rxc1 30. Rxc1 Rc8 31. Ne1 Rxc1 32. Qxc1 Qc7 33. Nd3 Qxc1 34. Nxc1 $11 {[%mdl 4096] Endgame KNN-KNN} Nc7 35. Kf3 Nb5 36. Ke3 Nb8 37. Kd3 Nc6 38. Ne2 Kf8 39. Ne3 Ke7 40. g4 f6 41. f4 Kf7 42. Ng2 g5 {[#] Strongly threatening ...gxf4.} 43. hxg6+ $1 Kxg6 44. Nh4+ Kf7 45. Nf3 Kg6 (45... Ne7 $11) 46. Ng3 (46. f5+ $14 exf5 47. Nf4+ {[%mdl 64] Double Attack} Kf7 48. gxf5) 46... Nc3 47. a4 Nd1 $1 48. exf6 (48. Ke2 $11 {keeps the balance.} Nc3+ 49. Kd2) 48... Kxf6 $2 (48... Nf2+ $17 {stays on course.} 49. Kc2 Kxf6 50. Nh5+ Kf7) 49. Ne5 $16 Nxe5+ 50. dxe5+ {KN-KN} Kf7 51. Ke2 Nc3+ 52. Kf3 Na2 $2 {[%mdl 8192] This move loses the game for Black.} (52... Kg6 $16) 53. Ne2 $18 Kg6 54. Nd4 Nc1 55. Ke3 h5 56. gxh5+ Kxh5 57. Kd2 Na2 58. Nxe6 Kg4 59. Nc5 Kf5 60. e6 Kf6 61. f5 Nc3 62. Kd3 Ke7 63. Kd4 Nd1 64. Kxd5 Ne3+ 65. Ke5 Ng4+ 66. Kf4 (66. Ke4 $142 Kf6 67. Nb7 Nh6 68. Nxa5 Nxf5 69. Nc6 Ng7 70. e7 Ne8 71. a5) 66... Nf2 67. Nb7 Nd3+ 68. Kg5 Nf2 69. Nxa5 Ne4+ 70. Kg6 {White mates.} Nc5 71. Nc6+ Ke8 72. Nd4 Ne4 73. f6 Kf8 74. Nc6 Nd6 75. a5 {[%cal Ba4a5,Ba5a6,Ba6a7][%mdl 32]} Nf7 76. a6 Kg8 77. a7 {Weighted Error Value: White=0.11/Black=0.44} 1-0

[Event "1st Spring Festival Weekend 2021"]
[Site "Bassano del Grappa"]
[Date "2021.03.14"]
[Round "5.2"]
[White "Basso, Pier Luigi"]
[Black "Sonis, Francesco"]
[Result "1-0"]
[WhiteElo "2521"]
[BlackElo "2477"]
[Annotator "TA"]
[PlyCount "121"]
[EventDate "2021.03.12"]
[EventType "swiss"]
[EventCountry "ITA"]
[SourceTitle "playchess.com"]
[Source "ChessBase"]
[SourceQuality "1"]

{[%evp 15,121,8,21,10,33,15,20,6,5,-45,11,0,0,8,75,0,51,32,60,0,0,0,0,0,0,0,0,0,0,0,0,0,9,7,16,6,6,0,5,6,8,7,8,6,6,6,50,50,75,12,35,8,29,8,10,0,30,37,71,4,101,96,96,87,132,131,192,114,192,177,387,211,226,0,8,8,580,579,565,550,551,550,536,535,535,468,531,494,414,414,1533,1389,29965,29966,29966,29961,29959,12839,5612,4702,29973,29971,29971,29968,29967,29967,12797,6047]} 1. d4 Nf6 2. c4 e6 3. Nf3 d5 4. Nc3 Bb4 5. Bg5 dxc4 6. e4 h6 7. Bxf6 Qxf6 8. Bxc4 c5 9. O-O {And now Nb5 would win. D39: Queen's Gambit Declined: Ragozin Defence with 5 Bg5 dxc4.} cxd4 {[#]} 10. e5 $1 {10.e5 scores better than 10.Nb5.} Qd8 11. Ne4 {The position is equal.} O-O 12. Nxd4 Be7 {[#]} (12... Qc7 $15 13. Qb3 Qxe5 {[%mdl 64] Double Attack} 14. Qxb4 Qxd4) 13. Rc1 $146 ({Predecessor:} 13. Qg4 Nd7 14. Nf3 Qa5 15. Qf4 b5 16. Bd3 Bb7 17. Rfd1 Rfd8 18. Rac1 Rac8 19. Rxc8 Rxc8 {1-0 (50) Sarana,A (2654)-Frolyanov,D (2546) Cheliabinsk 2020}) 13... Nd7 14. Qh5 Nc5 {[#]} (14... Qa5 $11) 15. Qg4 $1 Bd7 (15... Qxd4 $2 16. Nf6+ Bxf6 17. Qxd4 $18) (15... h5 $1 $11 16. Qf4 Nxe4 17. Qxe4 Qb6) (15... h5 16. Qf4) 16. Ng3 b5 {[#]} 17. Nxb5 (17. Nh5 $1 $14 g6 18. Be2 (18. Bxb5 Bxb5 19. Nxb5 Nd3 $11) (18. Nxb5 Rb8 $14)) 17... Bxb5 18. Bxb5 Rb8 19. Nh5 {[%csl Gh5][%cal Rg4g7]} g6 20. Rfd1 Qc7 21. Nf6+ $1 Bxf6 22. exf6 {aiming for a4.} Rxb5 23. b4 Qe5 {Strongly threatening ...Ne4.} 24. bxc5 Rxc5 25. Rxc5 Qxc5 26. Qd4 (26. h4 {is more complex.} Qc2 27. a3 Rc8 28. Qd4 a5 29. Qd7) 26... Qxd4 27. Rxd4 {[%mdl 4096] Endgame KR-KR} g5 28. h4 Rb8 29. h5 e5 30. Rd6 Rb1+ (30... Rb6 $5 {[%cal Rb6d6]} 31. Rd8+ Kh7 $11) 31. Kh2 Rb4 32. g3 ({White should try} 32. Rd8+ $16 Kh7 33. Rd7) 32... e4 33. Rd8+ Kh7 34. Rd7 (34. Rf8 {feels hotter.} Rb7 35. a4 a6 36. Kh3 Rb2 37. Rxf7+ Kg8 38. Re7) 34... Kg8 35. Rd8+ Kh7 36. Rf8 Rb7 37. Kh3 (37. Kg2 $16) 37... a5 (37... Rb2 $1 $11 {remains equal.}) 38. Kg4 $16 a4 39. a3 Rd7 40. Kf5 Rc7 (40... g4 $16 41. Kxg4 (41. Kxe4 Rd4+ 42. Ke5 Rd5+ 43. Ke4 Rd4+ 44. Ke5 Rd5+ 45. Ke4 Rd4+ $14) 41... e3 42. fxe3 Rd4+ 43. Kf3 Rf4+ 44. Ke2 Rf2+ 45. Kd3 Rxf6) 41. Ke5 (41. Kxe4 $18 Rb7 42. f3) 41... Ra7 (41... g4 $16 42. Kf4 (42. Kxe4 Rd7 $16) 42... e3 43. fxe3 (43. Kxe3 Rc3+ 44. Ke4 Re3+ 45. Kd5 Rd3+ 46. Ke4 Re3+ 47. Kf5 Rf3+ 48. Kxg4 Rxg3+ 49. Kf5 Rf3+ 50. Kg4 Rg3+ 51. Kf5 Rf3+ 52. Kg4 Rg3+ $11) 43... Rc4+ 44. Kf5 Rc5+ 45. Kxg4 Rg5+ 46. Kf4 Rg4+ 47. Ke5 Re4+ 48. Kd5 Re5+ 49. Kd4 Rd5+ 50. Kc3 Rd3+ 51. Kb4 Rb3+ 52. Ka5 (52. Kxa4 Rxa3+ 53. Kb5 Rxe3 $14) 52... Rxa3) 42. Re8 g4 $2 (42... Ra6 43. Kf5 (43. Kxe4 Rxf6 44. f3 Ra6 $14) 43... Rb6 44. Rxe4 Rb5+ 45. Kg4 Rb6 46. Rxa4 Rxf6) 43. Kxe4 (43. Kf5 $142) 43... Ra6 $18 44. Ke5 (44. Re5 $1 $18) 44... Ra5+ $11 45. Kd6 {Re4 is the strong threat.} Ra6+ $2 {[%mdl 8192] [#] This move loses the game for Black.} (45... Rf5 $1 $11 {and Black is okay.}) 46. Ke7 $1 $18 {[%cal Re7f8]} Re6+ {[#]} 47. Kf8 $1 {Threatening mate with Rxe6.} ({And not} 47. Kxf7 Rxf6+ 48. Ke7 Rxf2 $11) 47... Rxf6 48. Re7 Ra6 49. Rxf7+ Kh8 50. Rf4 Ra5 51. Kf7 Kh7 52. Kf6 Rxh5 (52... Ra8 $142 53. Kf5 Rg8 54. Rxa4 Rg5+ 55. Kf6 Rd5 56. Ra7+ Kg8 57. Ra8+ Kh7 58. Ra7+ Kg8 59. Ra8+ Kh7 60. Ra7+) 53. Rxa4 Rg5 54. Ra7+ Kg8 55. a4 {[%cal Ba3a4,Ba4a5,Ba5a6][%mdl 32]} Rc5 56. a5 Rc6+ 57. Kf5 Rc2 58. Kg6 Rc6+ 59. Kh5 Rf6 60. a6 Kf8 61. Kxg4 {Weighted Error Value: White=0.21/Black=0.56} 1-0

[Event "1st Spring Festival Weekend 2021"]
[Site "Bassano del Grappa"]
[Date "2021.03.14"]
[Round "5.3"]
[White "Lumachi, Gabriele"]
[Black "Bernadskiy, Vitaliy"]
[Result "0-1"]
[WhiteElo "2316"]
[BlackElo "2599"]
[Annotator "TA"]
[PlyCount "58"]
[EventDate "2021.03.12"]
[EventType "swiss"]
[EventCountry "ITA"]
[SourceTitle "playchess.com"]
[Source "ChessBase"]
[SourceQuality "1"]

{[%evp 19,58,13,18,13,22,19,30,16,19,-12,-20,-18,-27,-80,-81,-112,-111,-124,-124,-177,-181,-195,-170,-211,-100,-104,-115,-122,-119,-156,-143,-284,-159,-369,-391,-565,-534,-496,-470,-416,-415]} 1. d4 e6 2. c4 Bb4+ 3. Nc3 b6 4. Qc2 Bb7 5. a3 Bxc3+ 6. Qxc3 Nf6 7. Nf3 d6 8. g3 O-O 9. Bg2 Nbd7 10. O-O Be4 {[#]} 11. Re1 $146 {E32: Nimzo-Indian: Classical (4 Qc2): 4...0-0.} ({Predecessor:} 11. b3 a5 12. Bb2 Qb8 13. Rac1 Qb7 14. Rfd1 Rfc8 15. Bh3 b5 16. Nd2 bxc4 17. bxc4 Rcb8 18. Ba1 Bg6 19. Bg2 c6 20. e4 {½-½ (76) Wang,H (2717)-Tomashevsky,E (2728) Huaian 2016}) 11... c6 12. Bf1 d5 13. b3 {White has an edge.} Rc8 14. Qb2 dxc4 15. bxc4 c5 16. Ng5 (16. Be3 $11) 16... Bb7 17. d5 exd5 18. cxd5 h6 19. e4 hxg5 20. Bxg5 Qe8 21. Bh3 Ne5 (21... Nxe4 $19 {has better winning chances.} 22. Bf5 Bxd5) 22. Bxf6 gxf6 23. Qe2 Rd8 24. Bf5 {[#]} Kg7 $1 25. h4 (25. f4 $17 {keeps fighting.} Ng6 26. a4) 25... Rh8 (25... c4 $19 26. Ra2 Qb5) 26. h5 $2 {White does not recover from this.} (26. f4 $17 Ng6 27. Rad1) 26... Qa4 $19 27. f4 {[#]} (27. g4 $142) 27... Ba6 $1 28. Qd1 Qxd1 29. Rexd1 Nf3+ {Weighted Error Value: White=0.54/Black=0.13} 0-1

[Event "1st Spring Festival Weekend 2021"]
[Site "Bassano del Grappa"]
[Date "2021.03.14"]
[Round "5.4"]
[White "Cappelletto, Joshuaede"]
[Black "Niemann, Hans Moke"]
[Result "0-1"]
[WhiteElo "2126"]
[BlackElo "2526"]
[Annotator "ChessBase"]
[PlyCount "63"]
[EventDate "2021.03.12"]
[EventType "swiss"]
[EventCountry "ITA"]
[SourceTitle "playchess.com"]
[Source "ChessBase"]
[SourceQuality "1"]
[TimeControl "5400+30"]

1. e4 {[%emt 1:30:30]} c5 {[%emt 0:09:09]} 2. Nf3 {[%emt 0:00:00]} Nc6 {[%emt 0:00:18]} 3. d4 {[%emt 0:00:00]} cxd4 {[%emt 0:00:03]} 4. Nxd4 {[%emt 0:00:00]} Nf6 {[%emt 0:00:08]} 5. Nc3 {[%emt 0:00:00]} e5 {[%emt 0:00:08]} 6. Ndb5 {[%emt 0:00:00]} d6 {[%emt 0:00:05]} 7. Nd5 {[%emt 0:00:00]} Nxd5 {[%emt 0:00:04]} 8. exd5 {[%emt 0:00:00]} Nb8 {[%emt 0:00:03]} 9. a4 {[%emt 0:00:00]} Be7 {[%emt 0:00:06]} 10. Be2 {[%emt 0:00:00]} O-O {[%emt 0:00:05]} 11. Bd2 {[%emt 0:00:00]} Nd7 {[%emt 0:00:06]} 12. a5 {[%emt 0:00:00]} a6 {[%emt 0:00:08]} 13. Na3 {[%emt 0:00:00]} f5 {[%emt 0:00:03]} 14. O-O {[%emt 0:00:00]} e4 {[%emt 0:00:02]} 15. f4 {[%emt 0:00:00]} exf3 {[%emt 0:00:14]} 16. Bxf3 {[%emt 0:00:00]} Ne5 {[%emt 0:00:05]} 17. c4 {[%emt 0:00:00]} Bf6 {[%emt 0:02:41]} 18. Rb1 {[%emt 0:00:00]} g5 {[%emt 0:02:05]} 19. b4 {[%emt 0:00:00]} Nxf3+ {[%emt 0:01:57]} 20. Qxf3 {[%emt 0:00:00]} f4 {[%emt 0:00:02]} 21. Kh1 {[%emt 0:00:00]} Bf5 {[%emt 0:00:12]} 22. Rbe1 {[%emt 0:00:00]} Be5 {[%emt 0:03:52]} 23. Qb3 {[%emt 0:00:00]} Qf6 {[%emt 0:15:30]} 24. c5 {[%emt 0:00:00]} Qf7 {[%emt 0:00:05]} 25. Bc1 {[%emt 0:00:00]} Rae8 {[%emt 0:01:11]} 26. cxd6 {[%emt 0:00:00]} Bg7 {[%emt 0:06:27]} 27. Qf3 {[%emt 0:00:00]} Qg6 {[%emt 0:01:46]} 28. d7 {[%emt 0:00:00]} Bxd7 {[%emt 0:00:11]} 29. Qb3 {[%emt 0:00:00]} Qf7 {[%emt 0:00:22]} 30. Qc4 {[%emt 0:00:00]} Rxe1 {[%emt 0:00:31]} 31. Rxe1 {[%emt 0:00:00]} f3 {[%emt 0:00:02]} 32. Rd1 {[%emt 0:15:30]} 0-1